000 00350nam a2200133Ia 4500
008 210210b1967 xxu||||| |||| 00| 0 eng d
082 _a306.0973 WATT
100 _aWATTENBERG (Ben J).
245 _aThis U.S.A.
260 _aNew York.
_bDoubleday & Company Inc, Pocket Books.,
_c1967
300 _a386
690 _aAmerican Society
906 _a041868
999 _c91944
_d91944